| 000 | 00546nmm a2200169Ia 4500 | ||
|---|---|---|---|
| 008 | 251105s9999||||xx |||||||||||||||||und|| | ||
| 020 | _a9788475228754 | ||
| 041 | _aspa | ||
| 100 | _aOrtega, Marie-Linda (ed.) | ||
| 245 | 0 | _aOjos que ven, ojos que leen : textos e imágenes de la España isabelina | |
| 264 |
_a[Madrid, España] : _bVisor Libros, _c2004 |
||
| 300 | _a220 páginas | ||
| 490 | _aBiblioteca Filológica Hispana | ||
| 650 | _aHistory of Europe: Spain | ||
| 856 | _uhttps://public.digitaliapublishing.com/a/28161 | ||
| 942 | _cCF | ||
| 999 |
_c85046 _d85046 |
||